[Event "HUN-chT2 9394"]
[Site "?"]
[Date "1994.??.??"]
[Round "?"]
[White "Kasa, Attila"]
[Black "Nemeth, Antal"]
[Result "1/2-1/2"]
[WhiteElo "2295"]
[BlackElo "2250"]

1.d4 Nf6 2.c4 g6 3.Nc3 d5 4.cxd5 Nxd5 5.e4 Nxc3 6.bxc3 Bg7 7.Bc4 O-O 8.Ne2 c5
9.O-O Nc6 10.Be3 cxd4 11.cxd4 Bg4 12.f3 Na5 13.Bd5 Bd7 14.Rb1 a6 15.Nc3 e6
16.Bb3 b5 17.Qd2 Rc8 18.e5 Bc6 19.Bg5 Nxb3  1/2-1/2

[Event "HUN-chT2 9394"]
[Site "?"]
[Date "1994.??.??"]
[Round "?"]
[White "Kis, Jozsef"]
[Black "Adzic, Slobodan"]
[Result "0-1"]
[WhiteElo "2275"]
[BlackElo "2265"]

1.d4 Nf6 2.c4 g6 3.Nc3 d5 4.cxd5 Nxd5 5.e4 Nxc3 6.bxc3 Bg7 7.Nf3 O-O 8.Be2 c5
9.Rb1 Nc6 10.O-O cxd4 11.cxd4 Nxd4 12.Nxd4 Qxd4 13.Ba3 b6 14.Bxe7 Re8 15.Qxd4 Bxd4
16.Rfd1 Bxf2+ 17.Kxf2 Rxe7 18.a4 Bb7 19.a5 Bxe4 20.Ra1 bxa5 21.Rd2 Rc8 22.Rxa5 Rc2
23.Rxc2 Bxc2 24.Ra6 Be4 25.Bc4 Rc7 26.Ra4 Bc6 27.Ra2 Bxg2 28.Bxf7+ Kxf7 29.Kxg2 Ke6
30.Kf3 Kd5 31.h4 Kc5 32.Ra1 Kb6 33.Rb1+ Kc6 34.Ra1 Kb7 35.Rb1+ Ka8 36.Rb5 a6
37.Ra5 Ka7 38.h5 Kb6 39.Rg5 Rc5 40.Rg1 Rxh5 41.Rb1+ Rb5 42.Ra1 h5 43.Rg1 g5
44.Rh1 a5 45.Kg3 a4 46.Rxh5 a3 47.Rh2 Ra5  0-1

[Event "HUN-chT2 9394"]
[Site "?"]
[Date "1994.??.??"]
[Round "?"]
[White "Koczka, Zsolt"]
[Black "Mincsovics, Miklos"]
[Result "1/2-1/2"]
[WhiteElo "2285"]
[BlackElo "2230"]

1.d4 Nf6 2.c4 g6 3.Nc3 d5 4.cxd5 Nxd5 5.e4 Nxc3 6.bxc3 Bg7 7.Bc4 O-O 8.Ne2 Nc6
9.O-O b6 10.Bg5 Bb7 11.Qd2 Qd7 12.Bh6 Rad8 13.Bxg7 Kxg7 14.Qe3 e5 15.Bd5 f6
16.dxe5 fxe5 17.Qg5 Rde8 18.Ng3 Qd8 19.Qe3 Na5 20.Rfd1 Qe7 21.Bxb7 Nxb7 22.Rd5 Rd8
23.Rad1 c6 24.R5d2 Nc5 25.f3 Ne6 26.Ne2 Rxd2 27.Rxd2 Rd8 28.Nc1 Rxd2 29.Qxd2 Qd8
30.Qxd8 Nxd8 31.Kf2 Kf6 32.Ke3 Ke6 33.g3  1/2-1/2

[Event "JUG-chT"]
[Site "Igalo"]
[Date "1994.??.??"]
[Round "?"]
[White "Sekulic, Dusan"]
[Black "Horvath, Jozsef M"]
[Result "1-0"]
[WhiteElo "2320"]
[BlackElo "2520"]

1.d4 Nf6 2.c4 g6 3.Nc3 d5 4.cxd5 Nxd5 5.e4 Nxc3 6.bxc3 Bg7 7.Bb5+ c6 8.Ba4 b5
9.Bb3 b4 10.Ne2 bxc3 11.Be3 Nd7 12.O-O Ba6 13.Re1 Qa5 14.Rc1 Rd8 15.Qc2 c5
16.e5 cxd4 17.Bxd4 Bxe5 18.Bxc3 Bxc3 19.Nxc3 Nb6 20.Qe4 Rd7 21.Na4 O-O 22.Nc5 Rdd8
23.Qxe7 Nc8 24.Qf6 Rd6 25.Bxf7+  1-0

[Event "Ikaria op"]
[Site "Ikaria"]
[Date "1994.??.??"]
[Round "3"]
[White "Kalesis, Nikolaos"]
[Black "Atalik, Suat"]
[Result "0-1"]
[WhiteElo "2415"]
[BlackElo "2535"]

1.d4 Nf6 2.c4 g6 3.Nc3 d5 4.cxd5 Nxd5 5.e4 Nxc3 6.bxc3 Bg7 7.Bc4 O-O 8.Ne2 c5
9.O-O Nc6 10.Be3 Qc7 11.Rc1 Rd8 12.Qd2 Qa5 13.d5 Ne5 14.Bb3 c4 15.Bc2 e6
16.Bd4 exd5 17.f4 Nd3 18.Bxg7 Nxc1 19.Bf6 Nxe2+ 20.Qxe2 Re8 21.f5 Bxf5 22.Rxf5 gxf5
23.Qf2 Qb6 24.Bd4 Qh6 25.Be3 Qe6 26.e5 Qxe5 27.Bd2 Re6 28.Bxf5 Rf6 29.g4 Re8
30.Kf1 Qe4 31.Kg1 Rxf5  0-1

[Event "Ikaria op"]
[Site "Ikaria"]
[Date "1994.??.??"]
[Round "6"]
[White "Atalik, Suat"]
[Black "Rytshagov, Mikhail"]
[Result "1/2-1/2"]
[WhiteElo "2535"]
[BlackElo "2460"]

1.d4 Nf6 2.c4 g6 3.Nc3 d5 4.cxd5 Nxd5 5.e4 Nxc3 6.bxc3 Bg7 7.Bb5+ c6 8.Ba4 b5
9.Bb3 b4 10.Be3 bxc3 11.Rc1 Nd7 12.e5 O-O 13.Ne2 Ba6 14.e6 fxe6 15.Bxe6+ Kh8
16.O-O c5 17.Re1 cxd4 18.Bxd4 Ne5 19.Bxe5 Bxe5 20.Qxd8 Raxd8 21.Nxc3 Bd4
22.Nd1 Bb6 23.Bb3 Rd7 24.h3 Rf4 25.Rc2 Ba5 26.Ne3 Bd3 27.Rcc1 Bb6 28.Nd1 Ba6
29.Rc2 Ba5 30.Nc3 Bd3 31.Rcc1 Bb6 32.Nd1 Ba6  1/2-1/2

[Event "Ischia op"]
[Site "Ischia"]
[Date "1994.??.??"]
[Round "?"]
[White "Sadler, Matthew"]
[Black "Mikhalchishin, Adrian"]
[Result "1/2-1/2"]
[WhiteElo "2560"]
[BlackElo "2530"]

1.d4 Nf6 2.c4 g6 3.Nc3 d5 4.cxd5 Nxd5 5.e4 Nxc3 6.bxc3 Bg7 7.Nf3 c5 8.Rb1 O-O
9.Be2 cxd4 10.cxd4 Qa5+ 11.Bd2 Qxa2 12.O-O a5 13.Bc3 Bg4 14.Ra1 Qe6 15.d5 Qb6
16.Bxg7 Kxg7 17.Ne5 Bxe2 18.Qxe2 Rc8 19.Rfb1 Qd4 20.Nf3 Qc3 21.Qb5 Na6 22.h4 Qc4
23.Qxc4 Rxc4 24.Rxa5 Rxe4 25.Rxb7 h6 26.d6  1/2-1/2

[Event "Isle of Man op"]
[Site "Isle of Man"]
[Date "1994.??.??"]
[Round "7"]
[White "Sadler, Matthew"]
[Black "Stohl, Igor"]
[Result "1/2-1/2"]
[WhiteElo "2560"]
[BlackElo "2560"]

1.d4 Nf6 2.c4 g6 3.Nc3 d5 4.cxd5 Nxd5 5.e4 Nxc3 6.bxc3 Bg7 7.Nf3 c5 8.Rb1 O-O
9.Be2 Nc6 10.d5 Ne5 11.Nxe5 Bxe5 12.Qd2 b6 13.f4 Bg7 14.O-O e6 15.Bc4 Bb7
16.dxe6 Bxe4 17.exf7+ Kh8 18.Rb2 Qxd2 19.Rxd2 Bxc3 20.Re1 Bf5 21.Re3 Bd4
22.Rxd4 cxd4 23.Bb2 Rad8 24.Re7 Kg7 25.Rxa7 b5 26.Bb3 Bd3 27.Ba3 Bc4 28.Bxf8+ Kxf8
29.Kf2 d3 30.Ke1 d2+ 31.Kd1 Bxb3+ 32.axb3 Rd3 33.g3 Rxb3 34.Kxd2 Rb2+ 35.Ke3 Rxh2  1/2-1/2

[Event "JUG-chT2"]
[Site "?"]
[Date "1994.??.??"]
[Round "3"]
[White "Aleksieva, Silvia"]
[Black "Savova, Stefka"]
[Result "0-1"]
[WhiteElo "2240"]
[BlackElo "2205"]

1.d4 Nf6 2.c4 g6 3.Nc3 d5 4.cxd5 Nxd5 5.e4 Nxc3 6.bxc3 Bg7 7.Bb5+ c6 8.Ba4 b5
9.Bb3 b4 10.Qf3 O-O 11.e5 a5 12.a4 Qd7 13.Ne2 Qg4 14.Qxg4 Bxg4 15.f3 Bd7
16.f4 Na6 17.Be3 bxc3 18.Rc1 Nb4 19.Rxc3 Nd5 20.Bxd5 cxd5 21.Rc5 Bxa4 22.Bd2 Rfb8
23.Kf2 e6 24.Ra1 Bb5 25.Rxa5 Rxa5 26.Bxa5 Bc4 27.Bc3 Bh6 28.g3 Bf8 29.Rc7 Rb3
30.g4 h6 31.Rc8 Kg7 32.Rc7 Ra3 33.f5 gxf5 34.gxf5 Ra2 35.fxe6 Rxe2+ 36.Kf3 Rc2
37.Rxf7+ Kg8 38.Be1 Rc1 39.Bf2 Bb4 40.Rb7 Rc3+ 41.Be3 Ba3 42.Kf2 Rc2+ 43.Kg3 Rb2
44.Ra7 Bb4 45.Kf4 Bd3 46.h4 Rg2 47.Rb7 Be1 48.e7 Kf7 49.e6+ Ke8 50.Ke5 Bg3+
51.Bf4 Re2+ 52.Kf6 Bxf4 53.Rd7 Be5+ 54.dxe5 Rf2+ 55.Kg7 Bf5 56.Rxd5 h5 57.Kh6 Bxe6
58.Ra5 Bg4 59.Ra7 Rf5 60.e6 Rf6+ 61.Kg5 Rf5+ 62.Kg6 Re5 63.Kf6 Rxe6+ 64.Kg5 Rxe7
65.Ra8+ Kf7 66.Ra5 Ke6 67.Kf4 Rf7+ 68.Kg5 Rd7 69.Ra3 Ke5 70.Re3+ Kd4 71.Ra3 Ke4
72.Ra4+ Rd4 73.Ra3 Rd5+ 74.Kg6 Kf4 75.Rc3 Rd6+ 76.Kf7 Re6  0-1

[Event "JUG-chT"]
[Site "JUG"]
[Date "1994.??.??"]
[Round "3"]
[White "Pavlovic, Slobodan"]
[Black "Dragojlovic, Andjelko"]
[Result "0-1"]
[WhiteElo "2340"]
[BlackElo "2335"]

1.d4 Nf6 2.c4 g6 3.Nc3 d5 4.cxd5 Nxd5 5.e4 Nxc3 6.bxc3 Bg7 7.Bc4 c5 8.Ne2 O-O
9.O-O Nc6 10.Be3 Qc7 11.Rc1 Rd8 12.Qd2 a6 13.f4 b5 14.Bd3 Qd7 15.d5 c4 16.Bb1 e6
17.Bb6 Re8 18.Rfd1 exd5 19.exd5 Bb7 20.Ng3 Ne7 21.Be4 Qd6 22.Ba5 Qc5+ 23.Kh1 Bxd5
24.Bxd5 Nxd5 25.Re1 Nf6 26.h3 h5 27.Bb4 Qa7 28.Qc2 Qc7  0-1

[Event "JUG-chT"]
[Site "JUG"]
[Date "1994.??.??"]
[Round "7"]
[White "Marcetic, Nikola"]
[Black "Bacetic, Nikola"]
[Result "0-1"]
[WhiteElo "2305"]
[BlackElo "2325"]

1.d4 Nf6 2.c4 g6 3.Nc3 d5 4.cxd5 Nxd5 5.e4 Nxc3 6.bxc3 Bg7 7.Bb5+ c6 8.Ba4 e5
9.d5 O-O 10.Ba3 Re8 11.Ne2 Bd7 12.O-O cxd5 13.exd5 Qa5 14.Bxd7 Nxd7 15.Bb4 Qa6
16.Ng3 f5 17.Qb3 Rac8 18.Rfd1 b6 19.d6+ Kh8 20.Nf1 Bh6 21.Qf7 Qa4 22.Rd3 Rf8
23.Qe7 a5 24.Rh3 Bg7 25.Ba3 Qxa3 26.Qxd7 Rfd8 27.Qb5 Rxd6 28.Qa6 Qc5 29.Rb1 e4
30.Rb5 Qc7 31.c4 Bd4 32.Rhb3 Rc6 33.Nd2 Qf4  0-1

[Event "JUG-ch sf"]
[Site "Kladovo"]
[Date "1994.??.??"]
[Round "?"]
[White "Sekulic, Dusan"]
[Black "Nestorovic, Dejan"]
[Result "0-1"]
[WhiteElo "2340"]
[BlackElo "2365"]

1.d4 Nf6 2.c4 g6 3.Nc3 d5 4.cxd5 Nxd5 5.e4 Nxc3 6.bxc3 Bg7 7.Bb5+ c6 8.Ba4 O-O
9.Ne2 a5 10.Bb3 b5 11.a3 Nd7 12.h4 e5 13.h5 a4 14.Ba2 exd4 15.hxg6 hxg6 16.cxd4 Nc5
17.e5 Nb3 18.Bxb3 axb3 19.Qxb3 Be6 20.Qg3 Re8 21.Bd2 Bc4 22.Qh3 c5 23.Qh7+ Kf8
24.Rh4 Qd5 25.Bg5 Rxe5 26.dxe5 Qxe5 27.Rxc4 bxc4 28.Rc1 Qxg5 29.Qh3 Rb8 30.f4 Qd5
31.Kf2 Qd2 32.Qf3 Re8  0-1

[Event "JUG-ch sf"]
[Site "Kladovo"]
[Date "1994.??.??"]
[Round "?"]
[White "Petronic, Jovan"]
[Black "Mitrovic, Petar"]
[Result "1-0"]
[WhiteElo "2465"]
[BlackElo "2355"]

1.d4 Nf6 2.c4 g6 3.Nc3 d5 4.cxd5 Nxd5 5.e4 Nxc3 6.bxc3 Bg7 7.Be3 c5 8.Qd2 O-O
9.Rc1 e6 10.Nf3 Nd7 11.Bd3 b6 12.Bh6 Bb7 13.h4 Nf6 14.h5 Bxe4 15.hxg6 Bxg6
16.Bxg7 Kxg7 17.Qh6+ Kg8 18.Ne5 Rc8 19.g4 Rc7 20.g5 Nd5 21.Bxg6 fxg6 22.Nxg6 Rf5
23.Ne5 Rxg5 24.Qxe6+ Kf8 25.Rh3 Rg1+ 26.Kd2 Qg5+ 27.Re3 Nxe3 28.Rxg1 Nc4+
29.Ke2 Qxg1 30.Qxc4 Qg7 31.Qe6 Qe7 32.Qh6+ Kg8 33.Qf4 cxd4 34.cxd4 Kg7 35.Qg4+ Kf6
36.Qh4+ Ke6 37.Qh6+ Kd5 38.Qe3 Kd6 39.Qa3+ Ke6 40.Qh3+ Kd5 41.Qe3 Qb4 42.Nd3 Qxd4
43.Nf4+ Kc5 44.Ne6+  1-0

[Event "JUG-ch sf"]
[Site "Kladovo"]
[Date "1994.??.??"]
[Round "?"]
[White "Carnic, Srdjan"]
[Black "Nestorovic, Dejan"]
[Result "1-0"]
[WhiteElo "2275"]
[BlackElo "2365"]

1.d4 Nf6 2.c4 g6 3.Nc3 d5 4.cxd5 Nxd5 5.e4 Nxc3 6.bxc3 Bg7 7.Bb5+ c6 8.Ba4 O-O
9.Ne2 Nd7 10.O-O a5 11.Bb3 b5 12.a4 b4 13.cxb4 axb4 14.Qc2 c5 15.Be3 Ba6
16.dxc5 Bxa1 17.Rxa1 Bxe2 18.Qxe2 Qc7 19.Rc1 Ne5 20.h4 Rfd8 21.h5 Nd3 22.Qf3 e6
23.Qf6 Qe5 24.Qxe5 Nxe5 25.c6 Rd3 26.c7 Rc8 27.Bf4 Rxb3 28.Bxe5 f6 29.Rd1 fxe5
30.Rd8+ Kg7 31.Rxc8 Rc3 32.hxg6 hxg6 33.a5 b3 34.a6 b2 35.Rb8 Rxc7 36.Rxb2 Rc1+
37.Kh2 Ra1 38.Rb6 Kf6 39.Kg3 Ra3+ 40.Kg4 Ra4 41.Kf3 Ra3+ 42.Kg4 Ra4 43.f3 Ra1
44.Kg3 Ra3 45.Rc6 Ra2 46.Kh3 Ra3 47.Kg4 Ra1 48.g3 Ra4 49.Rb6 Ra1 50.f4 exf4
51.gxf4 Rg1+ 52.Kf3 Re1 53.Rb8 Rf1+ 54.Ke2 Ra1 55.Ra8 Kg7 56.a7 Ra3 57.Kd2 Kh7
58.Kc2 Kg7 59.Kb2 Ra6 60.Kb3 Ra1 61.Kb4 Rb1+ 62.Kc5 Ra1 63.Kd6 Ra6+ 64.Kd7 Kf7
65.Kc7  1-0

[Event "LAT-ch"]
[Site "?"]
[Date "1994.??.??"]
[Round "2"]
[White "Petkevich, Jusefs"]
[Black "Lutskan, Ilmars"]
[Result "1-0"]
[WhiteElo "2445"]
[BlackElo "2345"]

1.d4 Nf6 2.c4 g6 3.Nc3 d5 4.cxd5 Nxd5 5.e4 Nxc3 6.bxc3 Bg7 7.Bb5+ Bd7 8.Bxd7+ Nxd7
9.Nf3 O-O 10.O-O c6 11.Qb3 Qc7 12.Ba3 c5 13.Rab1 b6 14.e5 e6 15.Ng5 Nxe5
16.dxe5 Qxe5 17.Nf3 Qxc3 18.Qa4 Qf6 19.Bb2 Qe7 20.Ne5 Qc7 21.Nd7 Rfd8 22.Nf6+ Bxf6
23.Bxf6 Rd5 24.Rbd1 Qd6 25.Rfe1 b5 26.Rxd5 exd5 27.Qh4 a5 28.Re3 h5 29.Re5 c4
30.Qf4 Qb4 31.h4 Rc8 32.Qh6 Qf8 33.Qh8+  1-0

[Event "Lazne Bohdanec"]
[Site "Lazne Bohdanec"]
[Date "1994.??.??"]
[Round "1"]
[White "Haba, Petr"]
[Black "Pribyl, Josef"]
[Result "1-0"]
[WhiteElo "2475"]
[BlackElo "2395"]

1.d4 Nf6 2.c4 g6 3.Nc3 d5 4.cxd5 Nxd5 5.e4 Nxc3 6.bxc3 Bg7 7.Nf3 c5 8.Rb1 O-O
9.Be2 Nc6 10.d5 Ne5 11.Nxe5 Bxe5 12.c4 Qc7 13.Qd2 Bd4 14.O-O e5 15.Rb3 f5
16.exf5 Bxf5 17.Qg5 Rf7 18.Qh4 Re8 19.Bg4 Qa5 20.Rf3 Qxa2 21.Bxf5 gxf5 22.Rxf5 Ref8
23.Qg3+ Kh8 24.Bh6 Bxf2+ 25.R5xf2  1-0

[Event "Leeuwarden op"]
[Site "Leeuwarden"]
[Date "1994.??.??"]
[Round "3"]
[White "Sherbakov, Ruslan"]
[Black "Mikhalevski, Victor"]
[Result "1/2-1/2"]
[WhiteElo "2510"]
[BlackElo "2530"]

1.d4 Nf6 2.c4 g6 3.Nc3 d5 4.cxd5 Nxd5 5.e4 Nxc3 6.bxc3 Bg7 7.Be3 c5 8.Qd2 Qa5
9.Rb1 cxd4 10.cxd4 Qxd2+ 11.Kxd2 O-O 12.Nf3 Rd8 13.Bd3 e6 14.Rhc1 Nc6 15.Rc4 Bd7
16.h4 Be8 17.Ke2 Rd7 18.h5 gxh5 19.Rb5 Rad8 20.Bg5 f6 21.Bh4 a6 22.Rb6 Nxd4+
23.Nxd4 Rxd4 24.Rxd4 Rxd4 25.Rxb7 Bc6 26.Rb8+ Kf7 27.f3 Ra4 28.Rb6 Bb5 29.Bxb5 axb5
30.Rxb5 Rxa2+  1/2-1/2

[Event "Leeuwarden op"]
[Site "Leeuwarden"]
[Date "1994.??.??"]
[Round "5"]
[White "Hoeksema, Hendrik Pieter"]
[Black "Hellers, Ferdinand"]
[Result "0-1"]
[WhiteElo "2405"]
[BlackElo "2560"]

1.d4 Nf6 2.c4 g6 3.Nc3 d5 4.cxd5 Nxd5 5.e4 Nxc3 6.bxc3 Bg7 7.Bb5+ c6 8.Ba4 b5
9.Bb3 b4 10.Bb2 bxc3 11.Bxc3 O-O 12.Qd2 Nd7 13.Ne2 Ba6 14.e5 e6 15.f4 Nb6
16.Bb4 Re8 17.Rc1 Nd5 18.Bd6 Rc8 19.O-O Bxe2 20.Qxe2 Bf8 21.Bxf8 Rxf8 22.Rc5 Ne7
23.Rd1 Qb6 24.Qc4 Rfd8 25.g3 Rd7 26.Qc3 Rcd8 27.Bc2 Nd5 28.Qf3 Nb4 29.a3 Nxc2
30.Rxc2 Rxd4 31.Rxd4 Qxd4+ 32.Kg2 c5 33.Qc6 Rd5 34.Kh3 Qd3 35.Rf2 Kg7 36.Qa4 a6
37.Rb2 c4 38.Qxa6 Qf5+ 39.Kg2 Qe4+ 40.Kh3 c3 41.Rf2 Rd2  0-1

[Event "Legnica Voivode Cup"]
[Site "Legnica"]
[Date "1994.??.??"]
[Round "?"]
[White "Sapis, Witalis"]
[Black "Touzane, Olivier"]
[Result "1-0"]
[WhiteElo "2435"]
[BlackElo "2320"]

1.d4 Nf6 2.c4 g6 3.Nc3 d5 4.cxd5 Nxd5 5.e4 Nxc3 6.bxc3 Bg7 7.Nf3 c5 8.Rb1 O-O
9.Be2 cxd4 10.cxd4 Qa5+ 11.Bd2 Qxa2 12.O-O Bg4 13.Bg5 h6 14.Bh4 g5 15.Bg3 Nc6
16.d5 Na5 17.e5 b6 18.Ra1 Qb2 19.Rb1 Qa2 20.Rb4 Bh5 21.h4 Rad8 22.Rd4 f5
23.hxg5 Bxf3 24.gxf3 hxg5 25.f4 gxf4 26.Bxf4 e6 27.d6 Qb3 28.Bc4 Qxd1 29.Bxe6+ Kh7
30.Rdxd1 Rde8 31.Bd7 Rxe5 32.Bxe5 Bxe5 33.Rd5 Bf6 34.Bxf5+ Kh6 35.Rc1 Nb3
36.Rc7 a5 37.Rh7+ Kg5 38.Bc2+ Kf4 39.Bxb3 Bd8 40.Bc2 Re8 41.Rf7+  1-0

[Event "VfB op 1st"]
[Site "Leipzig"]
[Date "1994.??.??"]
[Round "?"]
[White "Mader, Joerg"]
[Black "Darnstaedt, Frank"]
[Result "1/2-1/2"]
[WhiteElo "1995"]
[BlackElo "2270"]

1.d4 Nf6 2.c4 g6 3.Nc3 d5 4.cxd5 Nxd5 5.e4 Nxc3 6.bxc3 Bg7 7.Bc4 c5 8.Be3 O-O
9.Ne2 Nc6 10.O-O Bg4 11.f3 Na5 12.Bd5 cxd4 13.cxd4 Bd7 14.Rb1 a6 15.Bxb7 Ra7
16.Bd5 Bb5 17.Re1 e6 18.Bb3 Rd7 19.Ba4 Nc6 20.Bxb5 axb5 21.Rxb5 Nxd4 22.Nxd4 Bxd4
23.Bxd4 Rxd4 24.Qb3 Rd2 25.h3 Qh4 26.Qe3 Rxa2 27.Re2 Rxe2 28.Qxe2 Qf4 29.Qb2 Rd8
30.Qe5 Rd1+ 31.Kf2 Rd2+ 32.Kg1 Rd1+ 33.Kf2 Rd2+  1/2-1/2

[Event "VfB op 1st"]
[Site "Leipzig"]
[Date "1994.??.??"]
[Round "?"]
[White "Mader, Joerg"]
[Black "Kreusch, Frank"]
[Result "1-0"]
[WhiteElo "1995"]
[BlackElo "1650"]

1.d4 Nf6 2.c4 g6 3.Nc3 d5 4.cxd5 Nxd5 5.e4 Nxc3 6.bxc3 Bg7 7.Bc4 c5 8.Ne2 Nc6
9.Be3 O-O 10.O-O Qc7 11.Qc2 cxd4 12.cxd4 e6 13.Rac1 Na5 14.Qd3 Nxc4 15.Rxc4 Qa5
16.Qb3 b6 17.Ra4 Qh5 18.Nf4 Qh4 19.d5 Qe7 20.Bxb6 Be5 21.Nd3 exd5 22.Bc5 Bd6
23.Qxd5 Bxc5 24.Nxc5 Be6 25.Nxe6 Qxe6 26.Qxe6 fxe6 27.g3 Rf7 28.Rc1 Raf8
29.f4 Rd7 30.Rc6 Rb8 31.Kg2 Kf7 32.Kf3 Rb2 33.Rca6 Rbb7 34.Kg4 h6 35.h4 h5+
36.Kg5 Rb5+ 37.Kh6 Rbb7 38.f5 gxf5 39.exf5 Kf6 40.Kxh5 Kxf5 41.g4+ Kf6 42.g5+ Kf5
43.R4a5+ Rd5 44.Rxa7 Rxa7 45.Rxa7 e5 46.g6 Rd8 47.g7 e4 48.Rf7+ Ke6 49.Rf8 Rxf8
50.gxf8=Q  1-0

[Event "Leon"]
[Site "Leon"]
[Date "1994.??.??"]
[Round "4"]
[White "Kortschnoj, Viktor"]
[Black "Sion Castro, Marcelino"]
[Result "1-0"]
[WhiteElo "2615"]
[BlackElo "2380"]

1.d4 Nf6 2.c4 g6 3.Nc3 d5 4.cxd5 Nxd5 5.e4 Nxc3 6.bxc3 Bg7 7.Bc4 c5 8.Ne2 O-O
9.O-O Nc6 10.Be3 Bg4 11.f3 Bd7 12.Rb1 Rc8 13.dxc5 e6 14.Rxb7 Ne5 15.Bb5 Bxb5
16.Rxb5 Nc4 17.Bd4 e5 18.Rb4 exd4 19.Rxc4 dxc3 20.Qxd8 Rfxd8 21.Rc1 Rd2 22.Kf1 Rxa2
23.Nxc3 Bxc3 24.R4xc3 Kf8 25.R1c2 Ra4 26.Ke2 Ke7 27.Rd3 Rc7 28.Ke3 Ke6 29.Kf4 Ra5
30.Rd6+ Ke7 31.Rd5 h6 32.h4 Ra6 33.h5 g5+ 34.Ke5 Rf6 35.Ra2 Rfc6 36.Ra5 Re6+
37.Kd4 Rec6 38.g3 Rf6 39.Ra3 Rb7 40.e5 Rc6 41.Rd6  1-0

[Event "Leon"]
[Site "Leon"]
[Date "1994.??.??"]
[Round "6"]
[White "Gomez Esteban, Juan Mario"]
[Black "Sion Castro, Marcelino"]
[Result "1-0"]
[WhiteElo "2485"]
[BlackElo "2380"]

1.d4 Nf6 2.c4 g6 3.Nc3 d5 4.cxd5 Nxd5 5.e4 Nxc3 6.bxc3 Bg7 7.Nf3 c5 8.Rb1 O-O
9.Be2 Nc6 10.d5 Ne5 11.Nxe5 Bxe5 12.Qd2 b6 13.f4 Bg7 14.O-O e6 15.d6 e5 16.Bc4 Be6
17.Bxe6 fxe6 18.Qd3 Qd7 19.Be3 Rad8 20.Rbd1 Qc6 21.c4 Rf7 22.fxe5 Rxf1+ 23.Rxf1 Bxe5
24.Bh6 Qxd6 25.Qf3 Qe7 26.Qg4 Qd7 27.h4 Qd4+ 28.Kh1 Qxc4 29.Qf3 Qxf1+ 30.Qxf1 c4
31.Bf4 c3 32.Bxe5 c2 33.Kh2  1-0

[Event "Linares NL"]
[Site "Linares"]
[Date "1994.??.??"]
[Round "4"]
[White "Vera, Reynaldo"]
[Black "Morovic Fernandez, Ivan"]
[Result "1-0"]
[WhiteElo "2485"]
[BlackElo "2585"]

1.d4 Nf6 2.c4 g6 3.Nc3 d5 4.cxd5 Nxd5 5.e4 Nxc3 6.bxc3 Bg7 7.Nf3 c5 8.Rb1 O-O
9.Be2 b6 10.O-O Bb7 11.Qd3 Ba6 12.Qe3 Qc8 13.d5 e6 14.c4 exd5 15.cxd5 Bxe2
16.Qxe2 Qa6 17.Qc2 Nd7 18.Bg5 Rfe8 19.Rbd1 b5 20.Rfe1 c4 21.h4 Nc5 22.d6 Nd3
23.Rxd3 cxd3 24.Qxd3 Qxa2 25.d7 Red8 26.Bxd8 Rxd8 27.Qxb5 Qe6 28.Rd1 a6 29.Qa4 Qb6
30.Rd5 Qb1+ 31.Kh2 Qb6 32.e5 Qe6 33.Qd4 Bf8 34.Ng5 Qc6 35.Ne4 Be7 36.Nf6+ Kg7
37.Ne8+ Kg8 38.e6  1-0

[Event "Linares op"]
[Site "Linares"]
[Date "1994.??.??"]
[Round "5"]
[White "Gonzalez Garcia, Jose"]
[Black "Svidler, Peter"]
[Result "0-1"]
[WhiteElo "2445"]
[BlackElo "2505"]

1.d4 Nf6 2.c4 g6 3.Nc3 d5 4.cxd5 Nxd5 5.e4 Nxc3 6.bxc3 Bg7 7.Bb5+ c6 8.Ba4 b5
9.Bb3 b4 10.e5 bxc3 11.Qf3 O-O 12.Qxc3 Ba6 13.f4 Nd7 14.Nf3 Rc8 15.e6 fxe6
16.Ng5 Kh8 17.Nxe6 Qb6 18.Nxg7 Kxg7 19.Be6 Rcd8 20.Be3 Nf6 21.O-O-O Nd5 22.Qa3 Rb8
23.Bxd5 Qb1+ 24.Kd2 Rb2+ 25.Ke1 Re2+  0-1

[Event "Linares NL"]
[Site "Linares"]
[Date "1994.??.??"]
[Round "13"]
[White "Illescas Cordoba, Miguel"]
[Black "Morovic Fernandez, Ivan"]
[Result "1/2-1/2"]
[WhiteElo "2590"]
[BlackElo "2585"]

1.d4 Nf6 2.c4 g6 3.Nc3 d5 4.cxd5 Nxd5 5.e4 Nxc3 6.bxc3 Bg7 7.Nf3 c5 8.Bb5+ Nc6
9.O-O cxd4 10.cxd4 O-O 11.Be3 Bg4 12.Bxc6 bxc6 13.Rc1 Qa5 14.Rxc6 Qxa2 15.Rc7 Qe6
16.h3 Qd6 17.Rc5 Bxf3 18.Qxf3 e6 19.Rc4 a5 20.Ra1 Rfd8 21.Rca4 Qc6 22.Rxa5 Rxa5
23.Rxa5 Bxd4 24.Bxd4 Rxd4 25.Ra7 Rd7  1/2-1/2

[Event "Litomysl op"]
[Site "Litomysl"]
[Date "1994.??.??"]
[Round "?"]
[White "Polak, Tomas"]
[Black "Rochko, I."]
[Result "1-0"]
[WhiteElo "2415"]
[BlackElo "2145"]

1.d4 Nf6 2.c4 g6 3.Nc3 d5 4.cxd5 Nxd5 5.e4 Nxc3 6.bxc3 Bg7 7.Nf3 O-O 8.Be2 c5
9.Rb1 b6 10.O-O Bb7 11.Qd3 Qc7 12.Bg5 h6 13.Bh4 cxd4 14.cxd4 Rc8 15.Qe3 Qc2
16.Rbc1 Qxa2 17.Bxe7 Re8 18.Rc7 Nc6 19.Bd6 Na5 20.Ne5 Rac8 21.Rxc8 Rxc8 22.d5 Qa4
23.Qf3 Qe8 24.Bb5 Qxb5 25.Qxf7+ Kh7 26.Qxg6+ Kg8 27.Ng4 Ba6 28.Nf6+  1-0

[Event "Litomysl op"]
[Site "Litomysl"]
[Date "1994.??.??"]
[Round "?"]
[White "Obsivac, Josef"]
[Black "Zezulkin, Jurij"]
[Result "1/2-1/2"]
[WhiteElo "2310"]
[BlackElo "2410"]

1.d4 Nf6 2.c4 g6 3.Nc3 d5 4.cxd5 Nxd5 5.e4 Nxc3 6.bxc3 Bg7 7.Bc4 c5 8.Ne2 O-O
9.Be3 Nc6 10.O-O Qc7 11.Rc1 Rd8 12.Qd2 Qa5 13.Rfd1 Bd7 14.Bh6 cxd4 15.Bxg7 Kxg7
16.cxd4 Qxd2 17.Rxd2 Rac8 18.d5 Ne5 19.Bb3 Bb5 20.f3 a5 21.Rxc8 Rxc8 22.Kf2 a4
23.Bd1 a3 24.Nd4 Nc4 25.Rc2 Ba4 26.Rc1 Bxd1 27.Rxd1 Nb2 28.Rd2 Rc1  1/2-1/2

[Event "Ljubljana op"]
[Site "Ljubljana"]
[Date "1994.??.??"]
[Round "?"]
[White "Kragelj, Igor"]
[Black "Jelen, Igor"]
[Result "1/2-1/2"]
[WhiteElo "2250"]
[BlackElo "2385"]

1.d4 Nf6 2.c4 g6 3.Nc3 d5 4.cxd5 Nxd5 5.e4 Nxc3 6.bxc3 Bg7 7.Be3 c5 8.Qd2 Qa5
9.Rc1 cxd4 10.cxd4 Qxd2+ 11.Kxd2 O-O 12.Nf3 Rd8 13.Bb5 a6 14.Ba4 Bg4 15.Rc7 Bxf3
16.gxf3 Bxd4 17.Rxb7 Ra7 18.Rxa7 Bxa7+ 19.Ke2 Bxe3 20.Kxe3 Rd6 21.Rb1 Nd7
22.Rd1 Rxd1 23.Bxd1 e5 24.f4 exf4+ 25.Kxf4 Kg7 26.Be2 a5 27.Bb5 Nc5 28.Ke5 Kh6
29.Kd5 Ne6 30.Bd7 Ng5 31.f4 Nf3 32.h3 g5 33.e5 gxf4 34.Ke4 Ne1 35.Kxf4 Nd3+
36.Kf5 Kg7 37.Bb5 Nb4 38.a4 Nd5 39.Ke4 Nc7 40.Kd4 f6 41.exf6+ Kxf6 42.Kc5 Ke5  1/2-1/2

[Event "Ljubljana op"]
[Site "Ljubljana"]
[Date "1994.??.??"]
[Round "?"]
[White "Blees, Albert"]
[Black "Mikhalchishin, Adrian"]
[Result "0-1"]
[WhiteElo "2420"]
[BlackElo "2530"]

1.d4 Nf6 2.c4 g6 3.Nc3 d5 4.cxd5 Nxd5 5.e4 Nxc3 6.bxc3 Bg7 7.Bb5+ c6 8.Ba4 O-O
9.Ne2 e5 10.O-O Re8 11.f3 b5 12.Bb3 a5 13.a3 Nd7 14.Be3 exd4 15.Nxd4 Bb7
16.Qc2 a4 17.Ba2 Qe7 18.Qf2 Rac8 19.h4 Ba6 20.Rfd1 Nf6 21.Rd2 c5 22.Nc2 c4
23.Rad1 Red8 24.Nb4 Bb7 25.Bb1 h6 26.Bd4 Nh5 27.Bxg7 Kxg7 28.Nd5 Bxd5 29.exd5 Rd6
30.Rb2 Nf4 31.Qd4+ Rf6 32.Be4 Qxa3 33.Rdb1 Qc5 34.Qxc5 Rxc5 35.Rxb5 Rxb5
36.Rxb5 Ra6 37.Rb2 a3 38.Ra2 f5 39.g3 Ne2+  0-1

[Event "Lloyds Bank op"]
[Site "London"]
[Date "1994.??.??"]
[Round "2"]
[White "Martin, David"]
[Black "Webb, Richard M"]
[Result "1/2-1/2"]
[WhiteElo "2045"]
[BlackElo "2310"]

1.d4 Nf6 2.c4 g6 3.Nc3 d5 4.cxd5 Nxd5 5.e4 Nxc3 6.bxc3 Bg7 7.Nf3 c5 8.Rb1 O-O
9.Be2 Bg4 10.O-O cxd4 11.cxd4 Bxf3 12.Bxf3 Bxd4 13.Bh6 Re8 14.Qa4 Nc6 15.Rfd1 e5
16.Rxb7 Qh4 17.Be3 Rac8 18.g3 Qh3 19.Rc1 Bxe3 20.Rxc6 Rxc6 21.Qxc6 Rc8 22.Rc7 Rb8
23.Qd5 Rb1+ 24.Bd1 Bxf2+ 25.Kxf2 Qxh2+ 26.Kf3 Qh1+ 27.Kf2  1/2-1/2

[Event "Paris-London"]
[Site "London"]
[Date "1994.??.??"]
[Round "3"]
[White "Ward, Christopher"]
[Black "Vareille, Francois"]
[Result "0-1"]
[WhiteElo "2490"]
[BlackElo "2430"]

1.d4 Nf6 2.c4 g6 3.Nc3 d5 4.cxd5 Nxd5 5.e4 Nxc3 6.bxc3 Bg7 7.Bc4 c5 8.Ne2 Nc6
9.Be3 O-O 10.Rc1 cxd4 11.cxd4 Qa5+ 12.Kf1 Qa3 13.e5 Bg4 14.Qb3 Qxb3 15.axb3 Rfd8
16.f3 Bd7 17.Kf2 Rac8 18.Nc3 Kf8 19.Ra1 a6 20.Ne4 Bf5 21.Ng5 Nxd4 22.g4 Be6
23.Nxe6+ Nxe6 24.f4 Nd4 25.Rhd1 Nc6 26.Bb6 Rxd1 27.Rxd1 g5 28.e6 gxf4 29.exf7 Ne5
30.Bd5 Rc2+ 31.Kg1 Nxf7 32.Bxb7 Nd6 33.Bd5 Bb2 34.h4 Ba3 35.Kf1 Bc5 36.Bxc5 Rxc5
37.Kf2 e5 38.g5 e4 39.Ba8 Rc2+ 40.Kg1 Ke7 41.Bxe4 Nxe4 42.Re1 Ke6 43.Rxe4+ Kf5
44.Re7 Kg4 45.Kf1 f3 46.g6 hxg6 47.Re6 g5 48.hxg5 Kg3 49.g6 Rh2 50.Ke1 f2+
51.Ke2 Kg2 52.Rf6 Kg1  0-1

[Event "London op"]
[Site "London"]
[Date "1994.??.??"]
[Round "10"]
[White "Sadler, Matthew"]
[Black "Lalic, Bogdan"]
[Result "0-1"]
[WhiteElo "2560"]
[BlackElo "2520"]

1.d4 Nf6 2.c4 g6 3.Nc3 d5 4.cxd5 Nxd5 5.e4 Nxc3 6.bxc3 Bg7 7.Nf3 c5 8.Rb1 O-O
9.Be2 cxd4 10.cxd4 Qa5+ 11.Bd2 Qxa2 12.O-O a5 13.Bc3 Bg4 14.Ra1 Qe6 15.d5 Qb6
16.Bxg7 Kxg7 17.Rb1 Qa7 18.Ne5 Bxe2 19.Qxe2 a4 20.Qa2 a3 21.Rfd1 Qa4 22.Qa1 a2
23.Rbc1 f6 24.d6 exd6 25.Nc4 Nd7 26.Nxd6 Nc5 27.e5 Nb3 28.exf6+ Kg8 29.Qe5 Nxc1
30.Qd5+ Kh8 31.Re1 Ne2+ 32.Kf1 a1=Q  0-1